第五人格 -サバイバーの内在人格 - Statistics

General Stats
  • This quiz has been taken 17 times
  • The average score is 13 of 36
Answer Stats
Answer % Correct
フライホイール効果
77%
中治り
77%
危機一髪
77%
医師
69%
膝蓋腱反射
69%
癒合
62%
寒気
62%
怪力
62%
ウェーバーの法則
54%
不撓不屈
54%
雲の中で散歩
54%
うたた寝
54%
マッスルメモリー
46%
ピア効果
38%
孵化効果
38%
尻に火
38%
生存の意志
38%
共生効果
31%
逃避
31%
気が散る
31%
救世主妄想
31%
吊り橋効果
31%
機械精通
31%
起死回生
31%
一蓮托生
23%
生存者の本能
23%
自らを欺く
23%
群集心理
15%
転禍為福
15%
避難所
15%
囚人ジレンマ
15%
テレパシー
8%
集団心理
8%
かすかな音
8%
好奇心
0%
火中の栗
0%
No matching quizzes found
Score Distribution
Percent of People with Each Score
Percentile by Number Answered
Your Score History
You have not taken this quiz